Vocabulary Woven into Description 3 - Click Quiz - Statistics

General Stats
  • This quiz has been taken 7 times
  • The average score is 9 of 11
Answer Stats
Hint Answer % Correct
Therefore, he remained where he was, (by turns) Alternately
100%
wishing to be morally (uncertain) Ambivalent
100%
and reminding himself that once he slipped towards that (decline), Declivity
100%
He (hid) himself in his study, Ensconced
100%
of (too urgent or persistent) problems. Importunate
100%
slide down it in (eternity). Perpetuity
100%
Outside, each of his relatives was waiting to (tell) him Apprise
83%
of a (lot) Plethora
83%
he would (from that point on) Henceforth
67%
hoping for (pause). Abeyance
50%
If he went outside, they would ambush him, and once ambushed, it would be too easy to act without (honesty). Probity
33%
No matching quizzes found
Score Distribution
Percent of People with Each Score
Percentile by Number Answered
Your Score History
You have not taken this quiz